[Event "Euwe Intern 2006-2007"]
[Site "?"]
[Date "2007.01.04"]
[Round "1.15"]
[White "Witt, Rob"]
[Black "Bödicker, Rob"]
[Result "1-0"]
[WhiteElo "2220"]
[BlackElo "2084"]
[Annotator "Witt"]
[PlyCount "83"]
[EventDate "2007.??.??"]

{De voorlaatste ronde van de eerste cyclus van de interne. Rob Bödicker stond
op dit moment op de 2e plaats en strijdt met Alje en Gertjan om een van de
twee plaatsen voor de playoffs.} 1. Nf3 Nf6 2. c4 d6 3. d4 c5 4. Nc3 Nbd7 {
Ongebruikelijk. Meestal volgt hier cxd4. Maar Bödicker heeft hier een speciale
bedoeling mee. Hij heeft recenttelijk zijn Slavisch (tijdelijk) ingeruild voor
de Benoniwall en probeert die nu alsnog te bereiken.} 5. d5 ({Het alternatief
is} 5. e4 {met wellicht als vervolg} e5 6. dxe5 dxe5 {en hoewel dit iets beter
voor wit moet zijn door de ongelukkige positie van Pd7, had ik geen zin in
deze pionnenformatie.}) 5... e5 {Dit verraste mij.} (5... g6) 6. dxe6 {Dit
leek me het logische antwoord op Bödickers ongebruikelijke zetvolgorde. Maar
het is maar de vraag of dit wel de beste is. Bijv. Ftacnik heeft in deze
stelling e4 gespeeld met overgang naar de Benoniwall.} (6. e4 Be7) 6... fxe6 {
Wit staat nu voor de moeilijke beslissing hoe hij zich op moet stellen.} 7. e4
({Mijn eerste gedachte was} 7. Bf4 {maar dit beviel me niet zo wegens} e5 (7...
Qb6 8. Qd2 $14 (8. Nb5 Ne4 $13)) 8. Bg5 Be7 9. e4 {misschien moet wit een
opstelling met e3 spelen.} Nf8 $13 {en dit paard gaat naar d4.}) ({Arne
suggeerde} 7. g3 {Maar dat is ook niet overtuigend. In een oude partij van
Joop Piket (vader van Jeroen en een Benoniwall adept) volgde hier} Nb6 8. Bg2
Be7 9. O-O O-O 10. Nd2 (10. b3 $13) 10... d5 11. Qb3 d4 12. Nce4 e5 {en zwart
had niets te klagen in Antunac, G-Piket,Joop / Wijk aan Zee 1970 (31.0-1)})
7... Be7 ({Ik had net dat artikel van Arne over dubbelpionnen gezien en zat me
af te vragen wat ik zou moeten doen op} 7... Ne5 {Staat wit echt zo goed na} 8.
Nxe5 dxe5 9. Qxd8+ Kxd8 {Ik zou het niet durven zeggen.}) 8. Ng5 Ne5 {Deze
logische zet blijkt nieuw te zijn. Zwart wil snel zijn paard omspelen naar d4.
Bekend was nog} (8... Nb6 {Lijkt niet logisch maar er zit een verrassend idee
achter, hoewel dat goed voor wit lijkt uit te pakken..} 9. f4 O-O 10. Bd3 e5 ({
Interessant is ook} 10... h6 $5 11. Nf3 (11. Nh3 d5) 11... d5) 11. f5 d5 $5 (
11... Nfd5 12. Qh5 h6 13. exd5 Bxg5 14. O-O $14) 12. cxd5 Nfxd5 13. Nxd5 Bxg5
14. O-O $16 {Hahn-Seltzer, Dearborn 1992 (53.1/2-1/2)}) 9. f4 Nc6 10. Bd3 O-O
11. O-O e5 12. f5 {Hoe staat dit? Ik vond het heel moeilijk te beoordelen en
waar moet wit nu op spelen. Op de koningsvleugel wellicht door bijv. de dame
naar h3 te spelen en zetten als Kh1; Tg1; g4 enz. Het paard kan soms naar e6.
Ondertussen doet zwart iets met Pd4; a6; Ld7; b5 enz. Ik zou ook zelf eerst op
de damevleugel kunnen spelen.} a6 13. a3 ({Fritz geeft de voorkeur aan} 13. Qf3
{bijv.} Nd4 14. Qh3 h6 15. Nf3 Bd7 16. Be3 Qe8 $13) 13... Nd4 14. Rb1 Bd7 15.
Be3 h6 16. Nf3 Be8 17. b4 b6 18. h3 Bf7 19. Qd2 Nh7 {Zwart wil op g5 een
aantal stukken ruilen, met name zijn slechte loper tegen mijn goede.} 20. Rb2 {
Ik wilde pas op c5 ruilen als ik meteen mijn torens kan verdubbelen op de
b-lijn. In sommige varianten is het ook nuttig dat de dame gedekt staat. Ik
heb mijn notatiebiljet op de club laten liggen, zodat ik het tijdverbruik niet
niet precies weet. Ik meen me te herinneren dat Bödicker hier nog 20' had en
ik een half uur.} Nxf3+ $2 {Ik weet niet waarom Bödicker hier besluit om zijn
mooie paard te ruilen. Nu wordt pion d6 zwak. Ik verwachtte} (20... Ng5 21.
Nxg5 Bxg5 22. Bxg5 hxg5 23. bxc5 dxc5 24. a4 $14 {Met een solide plusje dacht
ik. Maar het wordt plotseling bijzonder ingewikkeld na} b5 $1 25. axb5 axb5 26.
Nxb5 ({Veiliger lijkt} 26. cxb5 c4 27. Bb1 {maar dat wordt ook ingewikkeld na
bijv.} Ra3 28. Re1 $13 Nf3+ (28... Qb6) 29. gxf3 Qxd2 30. Rxd2 Rxc3 31. Bc2 Rb8
32. Rb1 Rxf3 33. b6 $13) 26... Nxb5 27. cxb5 c4 $1 ({Nauwkeuriger dan} 27...
Qd4+ 28. Kh2 c4 {wegens} 29. Qxg5 $1 Ra7 30. f6 Be6 31. b6 $1 (31. fxg7 Rxf1
32. Bxf1 Qxb2 33. Qh6 Rxg7 34. Qxe6+ Kh7 35. Qxc4) 31... Rd7 32. Ra2 Qxd3 33.
fxg7 Qxf1 34. gxf8=Q+ Kxf8 35. b7 $1 $18) 28. Be2 Qd4+ 29. Kh2 c3 30. Qxd4 exd4
31. Rb4 Rfd8 32. Bd3 Ra2 33. b6 {en of wit hier op winst staat, durf ik zonder
verdere analyse niet te zeggen.}) 21. Rxf3 Bg5 22. Be2 Rc8 $6 {Achteraf vond
Bödicker dat hij hier de lopers had moeten ruilen.} (22... Bxe3+ 23. Rxe3 cxb4
24. Rxb4 $14) 23. Nd5 Bxd5 $6 {Opnieuw had zwart de lopers moeten ruilen, maar
Bödicker was bang dat d6 zwak zou worden.} (23... Bxe3+ 24. Rxe3 Nf6 25. bxc5
bxc5 (25... Bxd5 26. cxd5 bxc5 27. Bxa6 $16) 26. Nxf6+ Qxf6 27. Rb6 $14) 24.
Qxd5+ Kh8 25. Bf2 $14 {Hier had ik voor het eerst het idee dat ik ging winnen.
Ik sta goed en zwart komt in tijdnood. Dat was nogal optimistisch want zo
makkelijk is het niet.} Be7 26. Rfb3 $6 {Snel gespeeld zonder me echt in de
finesses van de stelling te verdiepen.} (26. bxc5 $5) 26... Nf6 27. Qd3 b5 $5 (
27... cxb4 28. Rxb4 (28. axb4 b5 29. cxb5 axb5 30. Bf3 Rc4 $13) 28... b5 (28...
d5 29. Bxb6 dxc4 30. Qxd8 Bxd8 31. Rxc4 Rxc4 32. Bxc4 Nxe4 33. g4 (33. Bxd8
Rxd8 34. Rb6 Ng3 35. Re6 Nxf5 36. Rxe5 $14) 33... Bxb6+ 34. Rxb6)) 28. Rc2 $6 {
Minder goed dan we achteraf dachten.} ({Beter was} 28. bxc5 dxc5 29. Qb1 b4 30.
Bf3 a5 31. Rd3 Qc7 32. Rbd2 Rcd8 33. Qb2 $14) 28... cxb4 (28... d5 $5 29. exd5
cxb4 30. axb4 bxc4 31. Rxc4 Rxc4 32. Qxc4 Qxd5 {kan zwart waarschijnlijk
verdedigen.}) 29. axb4 bxc4 30. Rxc4 Rb8 $2 (30... Rxc4 31. Qxc4 d5 32. exd5
Qxd5 $14) 31. Bf3 Qd7 32. Qc2 Qa4 $2 {In tijdnood stort Bodicker in.} (32... d5
33. exd5 e4 34. Bxe4 Nxe4 35. Qxe4 Rxf5 36. Bg3 $16) (32... Rfc8 33. Rbc3 Rxc4
34. Rxc4 $16) 33. b5 $1 {Hier werd zwart door verrast. De pion wordt
plotseling ijzersterk.} Qa5 34. b6 d5 35. exd5 Nxd5 36. b7 Rfd8 37. Rc8 e4 {
tijdnoodzet, maar het was al uit.} 38. Qxe4 Qa1+ 39. Rb1 Qf6 40. Qxd5 (40. Rxb8
{was nauwkeuriger, maar veel maakt het niet uit.}) 40... Rdxc8 41. bxc8=Q+ Rxc8
42. Qe6 1-0

[Event "Interne Euwe"]
[Site "?"]
[Date "2007.01.11"]
[Round "1.16"]
[White "Overeem, M."]
[Black "Witt, R."]
[Result "1-0"]
[WhiteElo "2158"]
[BlackElo "2220"]
[Annotator "Overeem"]
[PlyCount "91"]

1. d4 d5 2. c4 c6 3. Nc3 Nf6 4. e3 e6 5. Nf3 Nbd7 6. Qc2 Bd6 7. b3 O-O 8. Be2
Re8 ({Andere zetten zijn:} 8... e5 9. cxd5 {en nu:} cxd5 (9... Nxd5 10. Nxd5
cxd5 11. dxe5 Nxe5 12. Bb2 $1 (12. O-O $4 Nxf3+ 13. Bxf3 Qh4 14. g3 Qf6 $1 $17)
12... Bb4+ 13. Kf1 $1 (13. Bc3 $6 Nxf3+ 14. Bxf3 Bf5 $1 $11) 13... Nxf3 14.
Bxf3 $14 {Portisch-Hubner, 1986}) 10. Nb5 Bb4+ 11. Bd2 Bxd2+ 12. Nxd2 $14 {
Dautov-Fridman, 1999}) (8... a6 {(profylaxe tegen Pb5)} 9. O-O e5 10. cxd5 cxd5
11. dxe5 Nxe5 12. Bb2 $14 {Portisch-Kasparov, 1986}) 9. O-O dxc4 ({Het meest
flexibel is} 9... Qe7 10. Rd1 b6 11. e4 (11. Bb2 Bb7 12. Rac1 {is ook niet
bijzonder voor wit.}) 11... dxe4 12. Nxe4 Nxe4 13. Qxe4 Bb7 14. Bf4 (14. Bb2)
14... Bxf4 15. Qxf4 e5 $11 {Grivas-Koskinen, 1993}) 10. bxc4 e5 11. Rd1 ({
Dit is de moderne opzet, vroeger speelde men vooral} 11. Bb2 e4 12. Nd2 Qe7 13.
Rfe1 Nf8 14. f3 exf3 15. Bxf3 Ng4 16. Nf1 {zoals bijvoorbeeld in Agdestein-Tal,
Taxco 1985.}) 11... Qe7 12. Rb1 e4 (12... b6 $5 13. h3 e4 14. Nd2 c5 15. Nf1 a6
16. a4 Rb8 17. Ba3 {Rustemov-Acs, 2005}) 13. Nd2 Nf8 14. c5 Bc7 15. Nc4 Ng4 (
15... Nd5 16. Ba3 Nxc3 17. Qxc3 Qh4 18. Nd6 Bxd6 19. cxd6 $14 {
Bisschoff-Barbero, 1993}) (15... Be6 $6 16. Nxe4 (16. Rxb7 $2 Bxh2+ 17. Kxh2
Qxb7 $17) 16... Nxe4 17. Qxe4 b5 18. cxb6 axb6 19. Qxc6 $16 {Li Wenliang-Zu
Chen, 1997}) 16. h3 ({Slecht is} 16. g3 $2 Nxh2 $1 17. Kxh2 Qh4+ 18. Kg1 Bxg3
19. fxg3 Qxg3+ 20. Kh1 Re6 $19) ({Wit kan de complicaties uit de weg gaan met} 
16. Bxg4 Bxg4 17. Rd2 Rad8 18. Ba3 $14) 16... Nxf2 $2 ({Dit impliceert een
dubbel stukoffer dat niet korrekt is. Beter is} 16... Nf6 17. Ba3 Nd5 18. Nd6
Bxd6 19. cxd6 Qg5 20. Nxe4 $6 (20. Nxd5 cxd5 21. Kh1 $14) 20... Nxe3 21. Nxg5
Nxc2 22. Bc4 Ne6 $11 {Karpov-Knaak, 1992}) 17. Kxf2 Qh4+ 18. Kf1 (18. Kg1 Bxh3
19. gxh3 Qg3+ 20. Kf1 Re6 21. Nxe4 $1 Qxh3+ 22. Ke1 Qh4+ 23. Kd2 Rxe4 24. Rxb7
$18 {werd gespeeld in Riazantsev-Prasad, Hoogeveen 2002. Op zich maakt het
niets uit, wit kan later dezelfde stelling bereiken.}) 18... Bxh3 (18... Re6
19. Kg1 Rg6 20. Bf1 $18) 19. gxh3 Re6 (19... Qxh3+ $2 20. Ke1 $18) 20. Bg4 $2 (
20. Nxe4 $1 Qxh3+ (20... Rxe4 21. Bf3 $18) 21. Ke1 {leidt tot bovengenoemde
partij Riazantsev-Prasad. Na de tekstzet krijgt zwart meer tegenkansen.}) 20...
Rf6+ (20... f5 $2 21. Bxf5 Rf6 22. Qxe4 $18) 21. Kg1 (21. Ke2 $4 Qf2# {mat})
21... Re8 $2 ({Beter is} 21... Rg6 $1 22. Qg2 h5 23. Rxb7 hxg4 24. Qxe4 gxh3+
25. Kh1 Qg3 26. Rb2 (26. Nd6 $4 Re8 $3 $19) 26... Rb8 {Zwart heeft weliswaar
onvoldoende compensatie voor het stuk, maar wit heeft nog een lange weg te
gaan.}) 22. Nd6 $2 ({Overtuigender is domweg} 22. Rxb7 $1 Rg6 23. Qg2 h5 (23...
Bb8 24. Rxb8 $1 Rxb8 25. Ne5 $18) 24. Rxc7 hxg4 25. Kh1 $18) ({Niet goed is} 
22. Nxe4 $2 Rxe4 $1 23. Qxe4 $4 (23. Bb2) 23... Qf2+ 24. Kh1 Qh2# {mat}) 22...
Rg6 $1 {Na deze zet overpeinsde ik de volgende kwesties: 1.'Morgen heb ik een
functioneringsgesprek waar ik bijzonder weinig zin in heb'. 2. 'Leonardo is
een miskoop'. 3. 'Ik ga Katja Schuurman voor een date vragen'. Het resultaat
was de volgende zet:} 23. Qf2 $4 ({De situatie is trouwens allerminst simpel.
Nog slechter zijn:} 23. Nxe8 $4 Qxh3 $19 {en}) (23. Kh1 $4 Rxg4 $17) ({De
beste zet is} 23. Ndxe4 $1 {en nu:} h5 (23... Qxh3 24. Nf6+ $1 Kh8 (24... gxf6
$4 25. Qxg6+ $18) (24... Rxf6 $4 25. Bxh3 $18) 25. Qxg6 $1 Qg3+ 26. Kf1 Nxg6
27. Nxe8 Qxg4 28. Nxc7 $18 {(vergeleken met de partij ontbreekt hier de pion
op e4)}) 24. Rxb7 $18) (23. Qg2 $6 Bxd6 $1 24. cxd6 h5 25. Rxb7 hxg4 26. Kh1
gxh3 27. Qf1 Rf6 {is nu niet zo duidelijk.}) (23. Ncxe4 $2 Bxd6 $1 24. cxd6
Qxh3 25. Nf6+ Kh8 26. Qg2 (26. Qxg6 Qg3+ 27. Kf1 Nxg6 28. Nxe8 Qxg4) 26... Qh4
{is een mindere versie.}) 23... Qxh3 {Slik. Ondanks twee stukken meer mag wit
op dit moment blij zijn dat hij nog een escape heeft.} 24. Qxf7+ Kh8 25. Qxg6
$1 Qg3+ (25... hxg6 $4 26. Bxh3 $18) 26. Kf1 Nxg6 (26... hxg6 $2 {is helemaal
niets.}) 27. Nxe8 Ba5 $4 ({Zoals direkt na de partij werd vastgesteld, had
zwart zich op dit moment kunnen redden met} 27... Qxg4 $1 28. Nxc7 Nh4 $1 {
(dreigt mat in twee)} 29. Rd2 Qh3+ 30. Ke2 Qf3+ 31. Ke1 Qh1+ {en eeuwig schaak.
}) (27... Nh4 $2 28. Rb2 Qxg4 29. Rf2 $18) 28. Nxe4 $1 Qxg4 29. Nf2 $1 $18 Qf3
30. e4 (30. Rxb7 $18) 30... b6 31. Nd6 {De zwarte dame staat nu machteloos
tegen de zwerm witte stukken en tot overmaat van ramp staat La5 volledig
buiten spel. Wit kan het in het vervolg efficienter afspelen, maar het maakt
niet veel uit.} h6 32. Rd3 Qf8 33. Rg3 $1 Kh7 34. Nf5 Qf7 35. Be3 bxc5 36. dxc5
Bc7 37. Nd6 (37. Rb7 $1 Qc4+ 38. Kg2 Bxg3 39. Rxg7+ Kh8 40. Kxg3 $18) 37... Qe6
38. Rd1 Bd8 39. Nf5 Bf6 40. Rd6 Qxa2 (40... Qc4+ 41. Kg2 Be5 42. Rdxg6 $18) 41.
Rd7 (41. Bxh6 $1 gxh6 42. Rd7+ $1 $18 (42. Rxf6 $4 Qa1+ $19)) (41. Rh3 $18)
41... Be5 42. Rg4 Nf8 (42... h5 43. Rg5 $18) 43. Rgxg7+ $1 Bxg7 44. Rxg7+ Kh8
45. Bd4 $6 ({Iets te gehaast. Beter was} 45. Kg2 $1 Ne6 46. Rd7 $18) 45... Ne6
$4 ({De enige zet was} 45... Qc4+ {maar na} 46. Kg2 Ne6 47. Rd7+ Nxd4 48. Rxd4
Qxc5 49. Rd6 {staat zwart nog steeds verloren.}) 46. Rxa7+ 1-0

[Event "Euwe Intern 2006-2007"]
[Site "?"]
[Date "2007.01.11"]
[Round "1.16"]
[White "Overeem, Marc"]
[Black "Witt, Rob"]
[Result "1-0"]
[WhiteElo "2158"]
[BlackElo "2220"]
[Annotator "Witt"]
[PlyCount "91"]
[EventDate "2007.??.??"]

{De 16e en laatste ronde van de eerste cyclus van de interne. Voor beide
spelers stond niks op het spel. Zelf kwam ik net van een nieuwjaarsborrel en
was van plan een luchtige partij te spelen en vooral geen zwaar positioneel
geschuif.} 1. d4 d5 2. c4 c6 {Ik koos voor het Slavisch omdat Marc meestal 1.
c4 opent en na 1....c6 het Slavisch uit de weg gaat met 2.e4 als ik me goed
herinner.} 3. Nc3 Nf6 4. e3 {Deze volgorde wordt vaak gespeeld om het
klassieke Slavisch te vermijden.} (4. Nf3 dxc4) 4... e6 5. Nf3 Nbd7 6. Qc2 Bd6
7. b3 ({Ik had gehoopt op de scherpe modevariant met} 7. g4 {(Shabalov)}) 7...
O-O 8. Be2 Re8 {Marc speelde alles a tempo en ik besloot iets uit de oude doos
te spelen in de hoop Marc op onbekend terrein te lokken.} (8... b6) (8... e5)
9. O-O {2'} dxc4 {9'} 10. bxc4 e5 11. Rd1 $1 {Ook dit speelde Marc snel. Ik
had deze stelling voor het laatst op het bord gehad in 1985 tegen de
Tsjechische grootmeester, theoreticus, schrijver, dissident, Ludek Pachman en
er daarna nooit meer naar gekeken.} (11. Bb2 exd4 12. exd4 Nf8 13. Rad1 Ng6 14.
Ne5 Nf4 15. Bf3 Qc7 16. Ne4 Nxe4 17. Bxe4 g6 18. g3 Nh3+ 19. Kh1 Ng5 20. Bg2
Bf5 21. Qc1 f6 22. f4 fxe5 23. dxe5 Bf8 24. fxg5 Bg7 25. Rfe1 Bxe5 {1/2-1/2
Pachman,L-Witt,R/Baden-Baden 1985}) 11... Qe7 12. Rb1 $1 {Weer een subtiliteit.
De loper staat voorlopig goed op c1.} e4 {17'} 13. Nd2 Nf8 14. c5 {8'} Bc7 15.
Nc4 Ng4 $6 {32' Ik dacht tijdens de partij dat dit min of meer gedwongen was,
omdat wit met La3 en Pd6 groot voordeel dreigt te krijgen. Dit lijkt echter
wel mee te vallen. Bijv.} (15... Ng6 16. Ba3 Nh4 17. Nd6 Bxd6 18. cxd6 Qe6 {
en de zwarte stelling lijkt me speelbaar.}) 16. h3 {13'} Nxf2 $2 {De
consequentie van de vorige zet, maar het offer blijkt niet correct te zijn. De
terugtocht van het paard kwam o.a. voor in een interessante partij van Karpov.}
(16... Nf6 17. Ba3 Nd5 $6 18. Nd6 ({Heel sterk lijkt me} 18. Nxd5 $5 cxd5 19.
c6 Qg5 20. cxb7 Bxh3 21. Bf1 Rad8 22. Ne5 $16) 18... Bxd6 19. cxd6 Qg5 20. Nxe4
(20. Nxd5 $5) 20... Nxe3 $1 21. Nxg5 Nxc2 22. Bc4 Ne6 23. Bxe6 Bxe6 24. Nxe6
Rxe6 25. Bc5 b6 26. Rb2 bxc5 27. dxc5 $1 Re1+ $2 ({Subtieler was} 27... Re2 28.
d7 Re1+ 29. Rxe1 Nxe1 {met betere remisekansen dan in de partij.}) 28. Rxe1
Nxe1 29. Rd2 $1 $16 {Karpov,A-Knaak,R/Baden-Baden 1992 (62.1-0)}) 17. Kxf2 Qh4+
18. Kf1 $2 {15' Denk je creatief bezig te zijn, blijkt dit allemaal bekend te
zijn, zoal Marc me direkt na de partij vertelde. Zijn laatste zet is echter
niet bekend en ook niet goed, althans niet de weerlegging van het paardoffer.}
({Het juiste veld was} 18. Kg1 $1 {En zwart heeft niets, bijv.} Bxh3 (18... Bg3
19. Bf1 {Daarom was Kg1 beter.} Bg4 20. Ne2 Bf2+ 21. Kh1 Re6 22. Ne5 Bf5 23.
Nf4 Rh6 24. Rxb7 Qg3 25. Nxf7 Rh4 26. Ng5 Re8 27. Bc4+ Ne6 28. Bxe6+ Bxe6 29.
Nfxe6 {1-0 Raupp,T-Wuehl,M/Germany 2000}) 19. gxh3 Qg3+ 20. Kf1 Re6 21. Nxe4
Qxh3+ 22. Ke1 Qh4+ 23. Kd2 Rxe4 24. Rxb7 Bg3 25. Kc3 Ne6 26. Bf3 Nxc5 27. Rh1
Be1+ 28. Kb2 Qf2 29. Qxf2 Bxf2 30. Bxe4 Nxb7 31. Bxh7+ Kf8 32. Be4 {1-0
Riazantsev,A-Prasad,D/Hoogeveen 2002}) 18... Bxh3 $2 {42' Maar dit is niet
goed. Zwart moet het 2e stukoffer erin houden en voortzetten met} (18... Bg3 $1
{Zonder computerhulp id het bijzonder moeilijk te zien wat wit nu moet spelen.
Helaas hebben we dit niet gezien na de partij, dus ik weet niet wat Marc
hierop gepland had. Wit heeft allerlei paardzetten.} 19. Nxe4 {Volgens mij n
hulp is dit teruggeven van het stuk het beste. De alternatieven lijken niks op
te leveren. Bijv.} (19. Kg1 Bf2+ 20. Kf1 Bg3 $11) (19. Nd6 Qf6+ 20. Bf3 (20.
Kg1 $2 Qf2+ 21. Kh1 Bxh3 22. Rg1 Bxd6 23. cxd6 Re6 24. gxh3 Rh6 $19) 20... Bxd6
21. Nxe4 Rxe4 22. cxd6 (22. Qxe4 $2 Bf5) 22... Re8 {met onduidelijke stelling.}
) (19. Ne5 Qf6+ 20. Nf3 exf3 21. Bxf3 Bxh3 $17) 19... Rxe4 20. Bf3 Qf6 $5 21.
Kg1 (21. Qxe4 Bf5 22. Nd2 Bh2 23. Rxb7 Bxe4 24. Nxe4 Qe6 $13) 21... Rh4 {
onduidelijk.}) 19. gxh3 {17'} Re6 (19... Qxh3+ 20. Ke1 $18 {De koning loopt
weg en zwart heeft geen compensatie voor zijn twee stukken.}) 20. Bg4 {22'} ({
Ook mogelijk en nog sterker was} 20. Nxe4 Rxe4 21. Bf3 $18) 20... Rf6+ 21. Kg1
Re8 $2 {52' Bij gebrek aan beter, dacht ik.} ({Er was wel iets beters, maar
onvoldoende.} 21... Rg6 22. Nxe4 Qxh3 23. Nf6+ $1 Kh8 (23... gxf6 $2 24. Qxg6+)
24. Rb2 $1 Qh4 25. Qf5 $18) 22. Nd6 {28' Goed genoeg, maar er waren betere
alternatieven.} (22. Rf1 $18) (22. Rxb7 $18) 22... Rg6 {60'} ({Ook kansloos is
} 22... Bxd6 23. cxd6 Rg6 24. Kg2 h5 25. Qf2 $18) 23. Qf2 $4 {32' Een
afschuwelijke blunder.} ({Opnieuw} 23. Kg2 Bxd6 24. cxd6 h5 25. Qf2 $18) ({
Ingewikkeld maar ook winnend is} 23. Ncxe4 Bxd6 (23... Rxe4 24. Nxe4 Qxh3 25.
Nf6+ Kh8 26. Rb2 Qh4 (26... gxf6 27. Qxg6 Qg3+ 28. Rg2 $18) (26... Rxg4+ 27.
Nxg4 Qxg4+ 28. Kf2 Bg3+ 29. Kf1 Qf3+ 30. Kg1 Bf2+ 31. Qxf2 Qxd1+ 32. Qf1 Qg4+
33. Rg2 $18) 27. Qf5 $18) 24. Kf1 Rxg4 25. hxg4 Qh1+ 26. Ke2 Qg2+ 27. Kd3 Qxe4+
28. Kc3 Bg3 29. Qxe4 Rxe4 30. Rxb7 $18) 23... Qxh3 $1 {Totaal gemist. Marc
heeft nu maar één zet maar had ruim 10' nodig om bij te komen van de schrik.}
24. Qxf7+ {45'} Kh8 25. Qxg6 Qg3+ 26. Kf1 Nxg6 27. Nxe8 Ba5 $2 {Wit nog 43',
zwart 24'. Na afloop liet Arne zien dat ik remise had kunnen maken.} (27...
Qxg4 28. Nxc7 Nh4 {Niet naar gekeken of verkeerd berekend.} 29. Rd2 {Only move,
maar nu heeft zwart eeuwig schaak.} Qh3+ 30. Ke1 Qh1+ 31. Ke2 Qf3+) ({Ik
herinner me wel dat ik nog geleken heb naar} 27... Nh4 28. Rb2 Qxg4 29. Rf2
Qh3+ 30. Ke2 Qg4+ 31. Kd2 Nf3+ 32. Kc2 (32. Rxf3 $4 Qg2+) 32... Bg3 33. Rff1 {
Goed voor wit, maar dit was in elk geval ook beter dan wat ik deed. Zwart kan
nog wat doen met zijn h-pion.}) 28. Nxe4 {38' Ik dacht dat dit niet kon omdat
na Dxg4 het paard en de toren instaan.} Qxg4 29. Nf2 {38' Deze manoevre had ik
gemist. Nu staat wit weer gewonnen.} Qf3 {19' Ook niet geweldig, maar veel
maakt het niet uit.} (29... Qe6 30. Nd6 b6) 30. e4 {34'} (30. Rxb7) 30... b6 {
8'} ({Beter was} 30... Bd8) 31. Nd6 {30'} h6 {7'} 32. Rd3 Qf8 33. Rg3 {26'} Kh7
34. Nf5 Qf7 {6'} 35. Be3 {21'} bxc5 ({In verloren stand kan je maar beter eten.
Nu of op een van de volgende zetten} 35... Qxa2) 36. dxc5 Bc7 {4'} 37. Nd6 {17'
} (37. Rb7 $1 Qc4+ 38. Kg2 Bxg3 39. Rxg7+ Kh8 40. Kxg3 $18) 37... Qe6 $6 38.
Rd1 {15'} Bd8 $6 {3'} 39. Nf5 {13'} Bf6 {2'} 40. Rd6 Qxa2 {Beiden 10' erbij.
Het was inmiddels nauwelijks meer mogelijk om je te concentreren, enerzijds
door de herrie vanuit de bar, anderzijds door een luidruchtige Kamphuys die
aan het protesteren was tegen iets met de klok van Ron Hoffman.} 41. Rd7 (41.
Rxc6) (41. Bxh6) 41... Be5 (41... h5) 42. Rg4 {12'} Nf8 {8'} 43. Rgxg7+ Bxg7
44. Rxg7+ Kh8 45. Bd4 $6 (45. Ng4 $1 {wint makkelijk, bijv.} h5 46. Ngh6 Qb1+
47. Kf2 Qb2+ 48. Kf3 Qxg7 49. Nxg7 Kxg7 50. Nf5+ Kf6 51. Nd4) 45... Ne6 $2 {
De laatste fout. Ik had gezien dat ik eerst schaak moest geven, maar mijn hand
deed wat anders.} ({Zwart had nog kunnen spartelen met} 45... Qc4+ 46. Kg2 Ne6
47. Rd7+ Nxd4 48. Rxd4 Qxc5 {en je weet maar nooit wat er tijdens het
uitvluggeren kan gebeuren, al staat wit natuurlijk gewonnen.}) 46. Rxa7+ {
Een koffiehuispartij met veel fouten, maar daardoor wel vermakelijk.} 1-0